O SÚČASNÝCH PROBLÉMOCH KOMPLEXNE MECHANIZOVANÝCH ČIAT

Bibliographic Details
Main Authors: Routa, J. (Author), Sahula, J. (Author)
Format: Article
Language:Slovak

MARC

LEADER 00000nab a2200000uu 4500
001 vtls011155121
003 SK-MaSNL
005 20260303104336.0
008 230121|1962 xo |||||||||||||||||slo|
015 |a SNBRB 
035 |a (urnnbn)urn:nbn:sk:snk:ar-a0a8jl 
035 |a (uuid)631c112e-94f4-4181-910c-351255014c03 
035 |a urn:nbn:sk:snk-abb3pe 
040 |a SNKBUCL  |b slo  |c SNKBUCL  |e AACR2 
041 0 |a slo 
044 |a xo  |c SK 
100 1 |a Routa, J.  |4 aut  |9 1118745 
245 1 0 |a O SÚČASNÝCH PROBLÉMOCH KOMPLEXNE MECHANIZOVANÝCH ČIAT  |c J. Routa, J. Sahula 
700 1 |a Sahula, J.  |4 aut  |9 1118746 
773 0 |t Mechanizácia poľnohospodárstva : časopis pre novú techniku v poľnohospodárstve  |g Roč. 1, č. 10 (1962), s. 290-291 
954 |a odborná, vedecká literatúra pôvodná (slovenská)  |2 lita 
958 |a OND 
958 |a EUIPO 
958 |a article14 
999 |c 1855893  |d 1857823